| 000 | 00472nam a2200181 4500 | ||
|---|---|---|---|
| 003 | SEACOMEC | ||
| 005 | 20251008112830.0 | ||
| 008 | 251008b |||||||| |||| 00| 0 eng d | ||
| 020 | _c375 | ||
| 040 | _aSEACOMEC | ||
| 082 |
_a518.1 _bH816 |
||
| 100 | _aHorowitz, Ellis | ||
| 245 |
_aFundamentals of Computer Algorithms _cEllis Horowitz & Sartaj Sahni |
||
| 250 | _a2nd ed. | ||
| 260 |
_aHydrabad _bUniversities Press _cc2007 |
||
| 700 | _aSahni, Sartaj | ||
| 942 | _cBBK | ||
| 999 |
_c2555 _d2555 |
||